Rodinné a skupinové konference

Súčasný trend sociálnej práce s mladistvými delikventmi, páchateľmi trestných činov z hľadiska rodinnej skupinovej konferencie. Osoby zainteresované v tomto procese - z pohľadu obete trestného činu i páchateľa a ich rodinných príslušníkov.

Salvato in:
Dettagli Bibliografici
Autore principale: Jurtíková, Michaela
Natura: Capitolo di libro
Lingua:ceco
Soggetti:
Tags: Aggiungi Tag
Nessun Tag, puoi essere il primo ad aggiungerne!!

MARC

LEADER 00000naa a2200000 4500
001 0184939
005 20220729111832.6
041 0 |a cze 
041 0 |a cze 
044 |a CZ 
245 1 0 |a Rodinné a skupinové konference  |c Michaela Jurtíková 
520 |a Súčasný trend sociálnej práce s mladistvými delikventmi, páchateľmi trestných činov z hľadiska rodinnej skupinovej konferencie. Osoby zainteresované v tomto procese - z pohľadu obete trestného činu i páchateľa a ich rodinných príslušníkov. 
610 2 0 |a právo trestné 
610 2 0 |a činy trestné 
610 2 0 |a mladiství 
610 2 0 |a kriminalita 
610 2 0 |a zodpovednosť trestná 
610 2 0 |a práca sociálna 
610 2 0 |a mediácia 
610 2 0 |a probácia 
100 1 |a Jurtíková, Michaela